Cleveland Guardians: Home Run Leader Every Year - Statistics

General Stats
  • This quiz has been taken 269 times
    110 since last reset
  • The average score is 40 of 132
Answer Stats
Year Player Home Runs % Correct
2018 José Ramírez 39
94%
2020 Jose Ramirez 17
94%
2021 José Ramírez 36
94%
2022 José Ramírez 29
94%
2023 José Ramírez 24
94%
1998 Manny Ramirez 45
94%
1999 Manny Ramirez 44
94%
2000 Manny Ramirez 38
94%
1997 Jim Thome 40
90%
2001 Jim Thome 49
90%
2002 Jim Thome 52
90%
1991 Albert Belle 28
78%
1992 Albert Belle 34
78%
1993 Albert Belle 38
78%
1994 Albert Belle 36
78%
1995 Albert Belle 50
78%
1996 Albert Belle 48
78%
2011 Carlos Santana 27
67%
2012 Carlos Santana 18
67%
2014 Carlos Santana 27
67%
2015 Carlos Santana 19
67%
2016 Carlos Santana 34
67%
2019 Carlos Santana 34
67%
2004 Travis Hafner 28
57%
2005 Travis Hafner 33
57%
2006 Travis Hafner 42
57%
1922 Tris Speaker 11
54%
1923 Tris Speaker 17
54%
1924 Tris Speaker 9
54%
1925 Tris Speaker 12
54%
1926 Tris Speaker 7
54%
1910 Nap Lajoie 4
53%
1986 Joe Carter 29
46%
1988 Joe Carter 27
46%
1989 Joe Carter 35
46%
2008 Grady Sizemore 33
43%
1949 Larry Doby 49
39%
1952 Larry Doby 32
39%
1954 Larry Doby 32
39%
1955 Larry Doby 26
39%
1958 Rocky Colavito 41
39%
1959 Rocky Colavito 42
39%
1966 Rocky Colavito 30
39%
1911 Shoeless Joe Jackson 7
37%
1912 Shoeless Joe Jackson 3
37%
1913 Shoeless Joe Jackson 7
37%
1914 Shoeless Joe Jackson 3
37%
2007 Victor Martinez 25
37%
2016 Mike Napoli 34
34%
2017 Edwin Encarnacion 34
33%
1987 Cory Snyder 33
30%
1929 Earl Averill 18
28%
1931 Earl Averill 32
28%
1932 Earl Averill 32
28%
1933 Earl Averill 11
28%
1977 Andre Thornton 28
25%
1978 Andre Thornton 33
25%
1979 Andre Thornton 26
25%
1982 Andre Thornton 32
25%
1983 Andre Thornton 17
25%
1984 Andre Thornton 33
25%
1985 Andre Thornton 22
25%
1950 Al Rosen 37
20%
1953 Al Rosen 43
20%
1917 Elmer Smith 4
20%
1919 Elmer Smith 9
20%
1920 Elmer Smith 12
20%
1921 Elmer Smith 16
20%
1983 Gorman Thomas 17
16%
1934 Hal Trosky 35
16%
1935 Hal Trosky 26
16%
1936 Hal Trosky 42
16%
1937 Hal Trosky 32
16%
1939 Hal Trosky 25
16%
1940 Hal Trosky 25
16%
1980 Joe Charboneau 23
16%
1970 Graig Nettles 26
14%
1971 Graig Nettles 28
14%
1972 Graig Nettles 17
14%
2004 Casey Blake 28
13%
2013 Nick Swisher 22
13%
2009 Shin-Soo Choo 20
13%
2010 Shin-Soo Choo 22
13%
1990 Candy Maldonado 22
11%
1947 Joe Gordon 29
11%
1948 Joe Gordon 32
11%
2003 Jody Gerut 22
10%
1938 Ken Keltner 26
10%
1981 Bo Diaz 7
8%
1964 Leon Wagner 31
8%
1965 Leon Wagner 28
8%
1956 Vic Wertz 32
8%
1957 Vic Wertz 28
8%
1963 Max Alvis 22
7%
1967 Max Alvis 21
7%
1902 Bill Bradley 11
6%
1904 Bill Bradley 6
6%
1904 Elmer Flick 6
6%
1905 Elmer Flick 4
6%
1907 Elmer Flick 3
6%
1951 Luke Easter 27
6%
1975 Boog Powell 27
5%
1969 Ken Harrelson 27
5%
1905 Terry Turner 4
5%
1928 George Burns 5
4%
1976 George Hendrick 25
4%
1968 Tony Horton 14
4%
1969 Tony Horton 27
4%
1960 Woodie Held 21
4%
1973 Charlie Spikes 23
2%
1974 Charlie Spikes 22
2%
1930 Ed Morgan 26
2%
1941 Jeff Heath 24
2%
1943 Jeff Heath 18
2%
1945 Jeff Heath 15
2%
1918 Smoky Joe Wood 5
2%
1962 John Romano 25
1%
1907 Nig Clarke 3
1%
1946 Pat Seerey 26
1%
1908 Bill Hinchman 6
0%
1909 Bill Hinchman 2
0%
1915 Braggo Roth 4
0%
1906 Buck Congalton 3
0%
1903 Charlie Hickman 12
0%
1901 Erve Beck 6
0%
1909 George Stovall 2
0%
1916 Jack Graney 5
0%
1917 Jack Graney 4
0%
1927 Johnny Hodapp 5
0%
1942 Les Fleming 14
0%
1944 Roy Cullenbine 16
0%
1961 Willie Kirkland 27
0%
No matching quizzes found
Score Distribution
Percent of People with Each Score
Percentile by Number Answered
Your Score History
You have not taken this quiz since the last reset